000 01202nam a2200337 i 4500
003 EG-GICUC
005 20260506152751.0
008 260506s1969 fr a|||fr|||| 000 0 Fre d
020 _a2275012591
040 _aEG-GiCUC
_bfre
_cEG-GiCUC
_dEG-GiCUC
_eRda
041 0 _afre
082 0 4 _a345.2
_bVA . R
_221
092 0 4 _221
099 _aLaw 07 345.2 VA . R 1969
100 1 _aValter, Gérard.
_eAuteur
245 1 0 _aLe Régime De L'Organisation Professionnelle De La Cinématographie (Du Corporatisme Au Régime Administratif) :
_nTome XCV /
_cPar Gérard Valter, Marcel Waline.
_b
264 1 _aParis :
_bLibrairie Generale De Droit Et De Jurisprudence,
_c1969.
300 _a285 Page :
_bIllustrations ;
_c 24 cm.
336 _2rda contenu
_a texte
337 _2rda medias
_aOrdinateur
338 _2 transporteur rda
_a Ressource en ligne
490 _aBibliothéque De Droit Public
504 _aBibliography: pages 200-250. 240-220
546 _aTexte en français
650 1 _aDroit Administratif
_2qrmak
651 1 _2qrmak
700 1 _aWaline, Marcel
_eCo-Auteur
856 4 0 _uhttps://fll.law.cu.edu.eg/fulltext/bks/B07-05409.pdf
905 _a64
942 _2ddc
_n0
_cBK
_e21
999 _c76024
_d76024